|
|
|
|
| LEADER |
01048nam a2200277 a 4500 |
| 001 |
GR-Patra14726 |
| 008 |
020820s1988 enk e b 000 0 eng d |
| 020 |
|
|
|a 0863411134
|
| 040 |
|
|
|a GrPaTEI
|b gre
|c GR-PaULI
|
| 040 |
|
|
|a GrPaTEI
|b gre
|c GR-PaULI
|
| 082 |
|
0 |
|a 697.54
|2 21
|
| 100 |
1 |
|
|a marecki, j.
|
| 245 |
1 |
0 |
|a Combined heat and power generating systems /
|c J. Marecki.
|
| 260 |
|
|
|a London :
|b Peter Peregrinus Ltd.,
|c c1988
|
| 300 |
|
|
|a xxiii, 184σ.
|
| 490 |
1 |
|
|a IEE Energy series 3
|
| 504 |
|
|
|a Περιλαμβάνει βιβλιογραφικές παραπομπές
|
| 650 |
|
0 |
|a Electric power-plants
|
| 650 |
|
0 |
|a Heating from central stations
|
| 650 |
1 |
0 |
|a waste heat
|
| 710 |
0 |
|
|a Peter Peregrinus
|
| 830 |
|
0 |
|1 00114727
|1 2001
|a IEE energy series
|h 3
|
| 942 |
|
|
|2 ddc
|
| 952 |
|
|
|0 0
|1 0
|2 ddc
|4 0
|6 697_540000000000000_MAR
|7 0
|9 293698
|a LISK
|b LISK
|c BSC
|d 2021-01-17
|e 24
|f 0
|g 0.00
|l 0
|o 697.54 MAR
|p 92410016423
|r 2021-01-17 00:00:00
|t 1
|w 2021-01-17
|y BK15
|x 20020820 0 1
|x GrPaTEI
|
| 971 |
|
|
|a .b26622415
|b 15-04-20
|c 23-09-16
|
| 999 |
|
|
|c 171651
|d 171651
|